piggy secret skins. - Statistics

General Stats
  • This quiz has been taken 57 times
  • The average score is 8 of 15
Answer Stats
first letter skin % Correct
P Poley
87%
? ??? (Tio)
79%
P Phenna
72%
O Owell
69%
M Mr. P
67%
W Willow
67%
M Mr. Stitchy
62%
L Laura
56%
F Frostiggy
49%
S Sentinel
49%
P Primrose
46%
B Bess
36%
G Golden Piggy
26%
C Crawling Trap
0%
P Piggy (Distored)
0%
No matching quizzes found
Score Distribution
Percent of People with Each Score
Percentile by Number Answered
Your Score History
You have not taken this quiz